000
00244nam a2200109Ia 4500
008
200302s9999 xx 000 0 und d
100
_a
Stapati
245
_a
Timeless resorts
260
_b
ORO Editions Publishing
260
_c
2015
300
_a
255
999
_c
7341
_d
7341